书目信息 |
| 题名: |
生产现场伤害与急救
|
|
| 作者: | 张东普 , 董定龙 编 | |
| 分册: | ||
| 出版信息: | 北京 化学工业出版社 2008 |
|
| 页数: | 200页 | |
| 开本: | 24cm | |
| 丛书名: | ||
| 单 册: | ||
| 中图分类: | X928.04 | |
| 科图分类: | ||
| 主题词: | 工伤事故--急救 , 工伤事故 , 急救 | |
| 电子资源: | ||
| ISBN: | 978-7-5025-7288-4 | |
| 000 | 00868nam0 2200265 45 | |
| 001 | 1033042843 | |
| 005 | 20100407095247.51 | |
| 010 | @a978-7-5025-7288-4@dCNY23.00 | |
| 100 | @a20100401e2008 em y0chiy0110 ea | |
| 101 | 0 | @achi |
| 102 | @aCN@b110000 | |
| 105 | @aa z 000yy | |
| 106 | @ar | |
| 200 | 1 | @a生产现场伤害与急救@ASheng Chan Xian Chang Shang Hai Yu Ji Jiu@f张东普,董定龙编@FZhang Dong Pu, Dong Ding Long Bian |
| 210 | @a北京@c化学工业出版社@d2008 | |
| 215 | @a200页@c图@d24cm | |
| 330 | @a本书主要内容有:生产现场急救与管理、现场急救基础知识、现场急救复苏技术、紧急外伤的现场急救等。 | |
| 606 | 0 | @a工伤事故@x急救 |
| 606 | 0 | @a工伤事故 |
| 606 | 0 | @a急救 |
| 690 | @aX928.04@v4 | |
| 701 | 0 | @a张东普@AZhang Dong Pu@f(1942~)@4编 |
| 701 | 0 | @a董定龙@ADong Ding Long@4编 |
| 801 | 0 | @aCN@bTANGWEI@c20100407 |
| 905 | @b0587808-10@dX928.04@e5@f3 | |
| 生产现场伤害与急救/张东普,董定龙编.-北京:化学工业出版社,2008 |
| 200页:图;24cm |
| ISBN 978-7-5025-7288-4:CNY23.00 |
| 本书主要内容有:生产现场急救与管理、现场急救基础知识、现场急救复苏技术、紧急外伤的现场急救等。 |
| ● |
| 相关链接 |
|
|
|
|
正题名:生产现场伤害与急救
索取号:X928.04/5
 
预约/预借
| 序号 | 登录号 | 条形码 | 馆藏地/架位号 | 状态 | 备注 |
| 1 | 0587808 | 205878086 | 第二样本阅览室/ [索取号:X928.04/5] | 在馆 | |
| 2 | 0587809 | 205878095 | 第三借阅区/ [索取号:X928.04/5] | 在馆 | |
| 3 | 0587810 | 205878102 | 第三借阅区/ [索取号:X928.04/5] | 在馆 |